000
00376nam a22001577a 4500
003
MPLRDC
005
20220104114418.0
008
210129b ||||| |||| 00| 0 eng d
082
_a
855 HJL-2
100
_a
黄劲连编
245
_a
生活小品
_c
260
_a
_b
满庭芳出版社
_c
1987
300
_b
平
650
_a
散文;随笔、日记
942
_c
BK
_o
855 HJL-2
999
_c
7271
_d
7261